Statistics for Words in Scarecrow

Click here to take the quiz!

General Stats

  • This quiz has been taken 19 times
  • The average score is 63 of 187

Answer Stats

Answer% Correct
A
95%
Crow
95%
Scar
95%
Scare
89%
Ar
84%
Re
84%
Car
79%
Cow
79%
Ow
79%
Row
79%
Care
74%
Cows
68%
Race
68%
Sear
68%
So
68%
War
68%
Cor
63%
Ear
63%
Or
63%
Races
63%
Sea
63%
Sew
63%
Ware
63%
We
63%
Wo
63%
Ace
58%
Are
58%
Cares
58%
Carrs
58%
Cars
58%
Core
58%
Crows
58%
Ears
58%
Rows
58%
Sow
58%
Swear
58%
Wares
58%
Wars
58%
Wear
58%
Wears
58%
Acre
53%
Arc
53%
Arcs
53%
As
53%
Aw
53%
Er
53%
Racer
53%
Rec
53%
Sac
53%
Was
53%
Acres
47%
Ae
47%
Cores
47%
Ore
47%
Owe
47%
Rear
47%
Rose
47%
Saw
47%
Scow
47%
Wore
47%
Worse
47%
Ars
42%
Awe
42%
Case
42%
Era
42%
Es
42%
Oar
42%
Oars
42%
Oes
42%
Ores
42%
Owes
42%
Rears
42%
Roe
42%
Roes
42%
Rower
42%
Woes
42%
Arrow
37%
Awes
37%
Caw
37%
Cower
37%
Cowers
37%
Orc
37%
Racers
37%
Roar
37%
Roars
37%
Score
37%
Screw
37%
Soar
37%
Woe
37%
Wos
37%
Aces
32%
Arrows
32%
Carr
32%
Caws
32%
Craw
32%
Crew
32%
Eras
32%
Errs
32%
Orca
32%
Orcas
32%
Os
32%
Raw
32%
Res
32%
Scorer
32%
Sore
32%
Sower
32%
Ares
26%
Coarse
26%
Cos
26%
Craws
26%
Crews
26%
Ers
26%
Escrow
26%
Rare
26%
Ras
26%
Rowers
26%
Swore
26%
Corse
21%
Err
21%
Oe
21%
Orcs
21%
Ors
21%
Rares
21%
Rase
21%
Raws
21%
Recs
21%
Sec
21%
Arose
16%
Carer
16%
Eros
16%
Roc
16%
Rocs
16%
Scarce
16%
Ser
16%
Soccer
16%
Sware
16%
Carers
11%
Corer
11%
Croc
11%
Crocs
11%
Crower
11%
Crowers
11%
Rawer
11%
Sae
11%
Sawer
11%
Scarer
11%
Aero
5%
Coarser
5%
Coca
5%
Corers
5%
Escar
5%
Oca
5%
Ocrea
5%
Ora
5%
Orra
5%
Raser
5%
Resow
5%
Soarer
5%
Sora
5%
Sorer
5%
Arco
0%
Carse
0%
Ceca
0%
Cero
0%
Ceros
0%
Cocas
0%
Corsac
0%
Cosec
0%
Crore
0%
Crores
0%
Ocas
0%
Osar
0%
Ose
0%
Owse
0%
Resaw
0%
Scarcer
0%
Secco
0%
Sera
0%
Serac
0%
Serow
0%
Sewar
0%
Sowar
0%
Sowcar
0%
Wae
0%
Waes
0%
Worser
0%

Score Distribution

Percentile by Number Answered

Percent of People with Each Score

Your Score History

You have not taken this quiz